| 000 | 01254nac a22003131u 4500 | ||
|---|---|---|---|
| 010 | _a 2005001372 | ||
| 020 | _a0471449423 (cloth : alk paper) | ||
| 020 | _a9780471449423 | ||
| 035 | _a(OCoLC)ocm57557703 | ||
| 082 | 0 | 0 |
_a620.23 _bVER |
| 090 |
_c8430 _d8430 |
||
| 100 | _aVer, Istvan L. [ed.] | ||
| 245 | 0 | 0 |
_aNoise and vibration control engineering : _bprinciples and applications / _cedited by Istvan L. Ver and Leo L. Beranek. |
| 250 | _a2nd ed. | ||
| 260 |
_aHoboken, N.J. : _bWiley, _cc2006. |
||
| 300 |
_ax, 966 p. : _bill. ; _c25 cm. |
||
| 500 | _aDistributer: Al-Ahram. | ||
| 504 | _aIncludes bibliographical references (p. 933) and index. | ||
| 511 | _aCatalogued By: Mahitab. | ||
| 650 | 0 | _aNoise control. | |
| 650 | 0 | _aVibration. | |
| 650 | 0 | _aSoundproofing. | |
| 700 | 1 |
_aVer, Istvan L. _d1934- |
|
| 700 | 1 |
_aBeranek, Leo Leroy, _d1914- |
|
| 856 | 4 | 2 |
_3Publisher description _uhttp://www.loc.gov/catdir/enhancements/fy0645/2005001372-d.html |
| 856 | 4 | 2 |
_3Table of contents only _uhttp://www.loc.gov/catdir/enhancements/fy0645/2005001372-t.html |
| 856 | 4 | 2 |
_3Contributor biographical information _uhttp://www.loc.gov/catdir/enhancements/fy0653/2005001372-b.html |
| 942 |
_cBB _k620.23VER |
||
| 999 |
_c8430 _d8430 |
||